Statistics for A-A to Z-Z Vocabulary Words #2

Click here to take the quiz!

General Stats

  • This quiz has been taken 183 times
  • The average score is 17 of 26

Answer Stats

clueletterword% Correct
Canoe-like watercraftKkayak
96%
The nervous system consists of billions of theseNneuron
89%
Photocopier companyXxerox
87%
US President WilsonWWoodrow
86%
Control panel in front of a car's driverDdashboard
85%
Elizabeth II's husband, the Duke of EdinburghPPhilip
85%
The nearest major galaxy to our ownAAndromeda
84%
MgMmagnesium
81%
Relating to languagesLlingual
80%
Type of French brandyCCognac
78%
Shadowy secret society, literally meaning enlightened onesIilluminati
76%
When love was such an easy game to play, according to the BeatlesYyesterday
76%
A dammed body of water for irrigation or drinkingRreservoir
73%
Also known as Ayers RockUUluru
71%
The airport code of Zaragoza, SpainZZAZ
63%
Slang term for alcoholic beverageGgrog
60%
Vietnam's new year, its most important holidayTTet
58%
Leonard Cohen songHHallelujah
56%
Its capital is VictoriaSSeychelles
54%
Tree species native to MadagascarBbaobab
53%
Arizona city, 7000 feet highFFlagstaff
51%
Handel's Messiah is the most famous exampleOoratorio
38%
6th letter of the Hebrew alphabetVvav
27%
Guitarist John Weldon Cale's nicknameJJJ
25%
Town near Kampala, with Uganda's largest airportEEntebbe
24%
Greenland's 5th city, population 3000QQaqort{oq}
22%

Score Distribution

Percentile by Number Answered

Percent of People with Each Score

Your Score History

You have not taken this quiz